Giải pháp giảm tỷ lệ nghỉ việc tự nguyện của nhân viên tại Công ty TNHH Kỹ Thuật Công Nghệ Vĩnh Tiến : Luận văn thạc sĩ - Chuyên ngành: Quản trị Kinh doanh
Spremljeno u:
| Glavni autor: | |
|---|---|
| Format: | Knjiga |
| Jezik: | Undetermined |
| Izdano: |
Đại học Công nghiệp TP. Hồ Chí Minh
2025
|
| Teme: | |
| Oznake: |
Dodaj oznaku
Bez oznaka, Budi prvi tko označuje ovaj zapis!
|
| Thư viện lưu trữ: | Trung tâm Thư viện - Trường Đại học Công nghiệp TP. Hồ Chí Minh |
|---|
| LEADER | 00757nam a2200157Ia 4500 | ||
|---|---|---|---|
| 001 | IUH_2025_00513 | ||
| 008 | 251224s9999 xx 000 0 und d | ||
| 082 | |a 658 | ||
| 100 | |a Nguyễn, Thị Mai Phương | ||
| 245 | 0 | |a Giải pháp giảm tỷ lệ nghỉ việc tự nguyện của nhân viên tại Công ty TNHH Kỹ Thuật Công Nghệ Vĩnh Tiến : Luận văn thạc sĩ - Chuyên ngành: Quản trị Kinh doanh | |
| 245 | 0 | |c Nguyễn, Thị Mai Phương | |
| 260 | |b Đại học Công nghiệp TP. Hồ Chí Minh | ||
| 260 | |c 2025 | ||
| 650 | |a Quản lý nhân sự; | ||
| 927 | |a Luận văn | ||
| 980 | |a Trung tâm Thư viện - Trường Đại học Công nghiệp TP. Hồ Chí Minh | ||